Arctic Cirlce Cities - Statistics

General Stats
  • This quiz has been taken 17 times
    14 since last reset
  • The average score is 2 of 10
Answer Stats
Hint Population Answer % Correct
Russia 300.000 Murmansk
92%
USA 4.000 Barrow
50%
Sweden 22.300 Kiruna
25%
Norway 21.000 Alta
8%
Canada 2.100 Prudhoe
8%
Norway 70.000 Tromse/Tromse
8%
Canada 1.000 Arctic Bay
0%
Norway 2.400 Longyearbyen
0%
Canada 1.000 Naujaat
0%
Denmark(Greenland) 5.500 Sisimiut
0%
No matching quizzes found
Score Distribution
Percent of People with Each Score
Percentile by Number Answered
Your Score History
You have not taken this quiz since the last reset